000 00586nam a2200229Ia 4500
003 OSt
005 20220924152046.0
006 a|||||r|||| 00| 0
007 ta
008 220923b |||||||| |||| 00| 0 mar d
024 _a340636
037 _cTextual
040 _aARTS
_cARTS
_bmar
041 _2mar
_amar
082 _aO155,2N28,93, L3
100 _aTendulkar Au.
_9225706
245 0 _aSakharam Baindar
260 _c1973
650 _aMARATHI LITERATURE
_938000
942 _hO155,2N28,93, L3
_cTEXL
_2CC
999 _c468571
_d468571